00699nx a2200193 45 001002000000005001700020003003200037010002100069100002900090102000700119152001100126200003400137300023500171801002300406810000800429810000800437810001400445830004600459IT\ICCU\CFIV\00397220240126085936.8http://id.sbn.it/bid/CFIV003972 a0000000110792142 a20110103aitaa50 ba0 aIT aREICAT 1aScarpab, Carlof <1906-1978> a1906-1978 // Architetto, designer, consulente artistico dell'industria vetraria Venini, allestitore di mostre e di musei, rettore dell'Istituto Universitario di Architettura di Venezia. Nato a Venezia e morto a Sendai (Giappone).  3aITbICCUc20260601 aLOC aWBI 91967aBNI ahttp://it.wikipedia.org/wiki/Carlo_Scarpa